[Event "?"]
[Site "?"]
[Date "2011.06.04"]
[Round "7.13"]
[White "Pudmensky, Stefan"]
[Black "Uhlarz, Jörg"]
[Result "0-1"]
[WhiteElo "1853"]
[BlackElo "1775"]
[PlyCount "116"]
[EventDate "2011.??.??"]

1. d4 f5 2. c4 Nf6 3. Nc3 e6 4. Bg5 Be7 5. Nf3 O-O 6. e3 b6 7. Bd3 Ba6 8. O-O
Nc6 9. a3 Rc8 10. Nb5 Kh8 11. Ne5 Bxb5 12. cxb5 Nxe5 13. dxe5 Nd5 14. Bxe7 Qxe7
15. Bc4 c6 16. Qd2 Qh4 17. Bxd5 cxd5 18. f4 Rc5 19. a4 Rfc8 20. Rac1 Qe7 21. b4
Rc4 22. Rxc4 Rxc4 23. Rc1 h5 24. Rxc4 dxc4 25. Qc3 d5 26. exd6 Qxd6 27. Qxc4
Qd2 28. Kf1 Qxe3 29. g3 Qf3+ 30. Kg1 Qe3+ 31. Kg2 Kh7 32. a5 e5 33. fxe5 Qxe5
34. h3 Qe4+ 35. Qxe4 fxe4 36. Kf2 Kg6 37. Ke3 Kf5 38. g4+ hxg4 39. hxg4+ Ke5
40. g5 g6 41. a6 Kd5 42. Ke2 Kd4 43. Kd2 e3+ 44. Ke2 Ke4 45. Ke1 Kd3 46. Kd1
Kc4 47. Ke2 Kxb4 48. Kxe3 Kxb5 49. Ke4 Kxa6 50. Ke5 b5 51. Kf6 b4 52. Kxg6 b3
53. Kf7 b2 54. g6 b1=Q 55. g7 Qf5+ 56. Ke8 Kb5 57. g8=Q Qc8+ 58. Kf7 Qxg8+ 0-1

[Event "?"]
[Site "?"]
[Date "2011.06.04"]
[Round "7.14"]
[White "Winkler, Tim"]
[Black "Schmitz, Harald"]
[Result "1/2-1/2"]
[WhiteElo "1814"]
[BlackElo "1739"]
[PlyCount "65"]
[EventDate "2011.??.??"]

1. e4 e6 2. d4 d5 3. exd5 exd5 4. Bd3 Bd6 5. Nf3 Ne7 6. Be3 O-O 7. O-O Bf5 8.
c3 c6 9. Qc2 Bxd3 10. Qxd3 Qc7 11. Nbd2 Nd7 12. Rac1 Rfe8 13. Rfe1 Bf4 14. g3
Bxe3 15. Rxe3 Ng6 16. Rce1 Rxe3 17. Rxe3 Nf6 18. Ne5 Re8 19. Nxg6 Rxe3 20. fxe3
hxg6 21. e4 dxe4 22. Nxe4 Qe7 23. Nxf6+ gxf6 24. Kf2 Kg7 25. Qe3 Qd7 26. a3
Qf5+ 27. Qf3 Qc2+ 28. Qe2 Qf5+ 29. Kg2 Qd5+ 30. Kg1 a6 31. h3 Qf5 32. Kh2 Qd5
33. Qe7 1/2-1/2

[Event "?"]
[Site "?"]
[Date "2011.06.04"]
[Round "7.15"]
[White "Gheng, Christian"]
[Black "Rieder, Josef"]
[Result "1/2-1/2"]
[WhiteElo "1679"]
[BlackElo "1851"]
[PlyCount "36"]
[EventDate "2011.??.??"]

1. e4 c5 2. Nf3 d6 3. d4 cxd4 4. Nxd4 Nf6 5. Nc3 a6 6. Be3 Nc6 7. Be2 e6 8. O-O
Be7 9. f4 e5 10. Nxc6 bxc6 11. fxe5 dxe5 12. Na4 Qxd1 13. Rfxd1 Nxe4 14. Nb6
Rb8 15. Nxc8 Rxc8 16. Bxa6 Rb8 17. b3 Nc5 18. Bc4 O-O 1/2-1/2

[Event "?"]
[Site "?"]
[Date "2011.06.04"]
[Round "7.16"]
[White "Ostertag, Stephan"]
[Black "Duran, Suat"]
[Result "1-0"]
[WhiteElo "1835"]
[BlackElo "1687"]
[PlyCount "97"]
[EventDate "2011.??.??"]

1. e4 d5 2. exd5 Qxd5 3. Nc3 Qd8 4. d4 e6 5. Bc4 Nf6 6. Bg5 Be7 7. Nf3 c6 8.
Qe2 Nd5 9. Ne4 Bxg5 10. Nexg5 h6 11. Nh3 Qd6 12. O-O-O b5 13. Bxd5 Qxd5 14. Kb1
a5 15. Nf4 Qd6 16. Nh5 O-O 17. Ne5 f5 18. g4 Nd7 19. Rhg1 Nf6 20. Nxf6+ Rxf6
21. g5 hxg5 22. Rxg5 Rh6 23. Qe3 Ra7 24. Qg3 Qd5 25. Rg1 Rh7 26. Nf3 Rb7 27. h4
Qd8 28. Rg6 Re7 29. Ng5 Qc7 30. Qxc7 Rxc7 31. Nxh7 Kxh7 32. h5 Rf7 33. f4 Bd7
34. c3 Re7 35. Kc2 Be8 36. R6g5 Kh6 37. Kd3 Bxh5 38. Re1 g6 39. Re5 Bg4 40. b3
Kg7 41. c4 bxc4+ 42. Kxc4 Kf6 43. Rxa5 Rh7 44. Ra8 Rh1 45. a4 Rf1 46. Rg8 Bh5
47. a5 Rxf4 48. Rxh5 gxh5 49. a6 1-0

[Event "?"]
[Site "?"]
[Date "2011.06.04"]
[Round "7.17"]
[White "Weigel, Curt"]
[Black "Burkhardt, Adrian"]
[Result "1/2-1/2"]
[WhiteElo "1810"]
[BlackElo "1714"]
[PlyCount "55"]
[EventDate "2011.??.??"]

1. c4 Nf6 2. Nc3 e6 3. g3 d5 4. cxd5 exd5 5. Bg2 Be6 6. Nh3 c5 7. Nf4 Nc6 8.
Nxe6 fxe6 9. O-O Bd6 10. d3 O-O 11. Bh3 e5 12. Be6+ Kh8 13. Bxd5 Nxd5 14. Nxd5
Qd7 15. Kg2 b5 16. a3 e4 17. dxe4 Nd4 18. e3 Nc6 19. Nc3 a6 20. Nd5 Qe6 21. f3
Rad8 22. Qe2 g5 23. Bd2 Be5 24. Rab1 g4 25. Nf4 Bxf4 26. gxf4 Rg8 27. Bc3+ Nd4
28. Kf2 1/2-1/2

[Event "?"]
[Site "?"]
[Date "2011.06.04"]
[Round "7.18"]
[White "Bauer, Dieter"]
[Black "Ziegler, Michael"]
[Result "1-0"]
[WhiteElo "1789"]
[BlackElo "1626"]
[PlyCount "111"]
[EventDate "2011.??.??"]

1. c4 Nf6 2. g3 d5 3. b3 dxc4 4. bxc4 Qd4 5. Nc3 Qxc4 6. Bg2 e6 7. Nf3 Nc6 8.
Bb2 Be7 9. Rc1 Qa6 10. h4 Bd7 11. Ng5 h6 12. Nge4 O-O-O 13. Na4 Nxe4 14. Bxe4
Nb4 15. Nc3 f5 16. Bb1 Bc6 17. Rg1 g5 18. a3 gxh4 19. axb4 Bxb4 20. Qb3 Bxc3
21. Qxc3 Rhg8 22. Qc4 Qb6 23. Bf6 hxg3 24. Qxe6+ Kb8 25. Qe3 gxf2+ 26. Kxf2
Qxe3+ 27. dxe3 Rde8 28. Bh4 Rg4 29. Bg3 Rf8 30. Bf4 h5 31. Rcd1 Kc8 32. Ba2 Bd7
33. Bd5 c6 34. Bf3 Rxg1 35. Rxg1 h4 36. Rg7 a5 37. Rh7 b5 38. Rxh4 b4 39. Bd6
Rf6 40. Bc5 Kc7 41. Bd4 Rf8 42. Bc5 b3 43. Bxf8 b2 44. Rh1 a4 45. Ba3 Be6 46.
Rb1 Kb6 47. Rxb2+ Bb3 48. Kg3 Kb5 49. Rd2 c5 50. Kf4 Bf7 51. Ke5 Bb3 52. Bh5
Bg8 53. Rc2 c4 54. Bg6 Kc6 55. Bxf5 Bf7 56. Be6 1-0

[Event "?"]
[Site "?"]
[Date "2011.06.04"]
[Round "7.19"]
[White "Büchele, Markus"]
[Black "Hartmann, Anatoli"]
[Result "1-0"]
[WhiteElo "1783"]
[BlackElo "1697"]
[PlyCount "97"]
[EventDate "2011.??.??"]

1. d4 e6 2. Nf3 c6 3. Bg5 Be7 4. Bxe7 Qxe7 5. c3 d5 6. Nbd2 Nf6 7. Qc2 Nbd7 8.
e3 b6 9. Be2 Bb7 10. O-O c5 11. Ne5 O-O 12. f4 Ne4 13. Nxd7 Qxd7 14. Nxe4 dxe4
15. dxc5 bxc5 16. Rad1 Qc7 17. Rd2 Rad8 18. Rfd1 Rxd2 19. Qxd2 g6 20. Qd7 Rc8
21. Bb5 Kg7 22. Kf2 a6 23. Qxc7 Rxc7 24. Rd7 Rxd7 25. Bxd7 Bd5 26. a3 Kf8 27.
b4 cxb4 28. cxb4 Bb7 29. Ke2 Ke7 30. Ba4 h6 31. Kd2 f6 32. Kc3 Kd6 33. Be8 g5
34. g3 e5 35. fxg5 fxg5 36. Bf7 Bc8 37. Kc4 Bd7 38. Bg6 Bb5+ 39. Kc3 Bd3 40.
Bf7 Kc7 41. Bc4 Kb6 42. Bxd3 exd3 43. Kxd3 Kb5 44. Kc3 Ka4 45. Kb2 a5 46. bxa5
Kxa5 47. Kc3 Ka4 48. Kd3 Kxa3 49. Ke4 1-0

[Event "?"]
[Site "?"]
[Date "2011.06.04"]
[Round "7.20"]
[White "Tölg, Wolfgang"]
[Black "Krebs, Thomas"]
[Result "1/2-1/2"]
[WhiteElo "1776"]
[BlackElo "1621"]
[PlyCount "105"]
[EventDate "2011.??.??"]

1. e4 c6 2. d4 d5 3. e5 Bf5 4. f4 e6 5. Bd3 Bxd3 6. Qxd3 Nd7 7. Nf3 c5 8. c3
Qb6 9. O-O Ne7 10. Na3 a6 11. Nc2 Nc6 12. Rb1 cxd4 13. cxd4 h6 14. f5 Ndxe5 15.
Nxe5 Nxe5 16. Qe2 Nc4 17. fxe6 Qxe6 18. Qf3 O-O-O 19. Qxf7 Qxf7 20. Rxf7 Rd7
21. Rf3 Bd6 22. b3 Nb6 23. Ne3 Bc7 24. Ba3 Bd6 25. Rc1+ Kb8 26. Bxd6+ Rxd6 27.
Rf7 Rc6 28. Rxc6 bxc6 29. Rxg7 Na8 30. Rg6 Kb7 31. Ng4 h5 32. Ne5 Rc8 33. b4
Nb6 34. Rh6 Na4 35. Rxh5 Nc3 36. a3 Ne2+ 37. Kf2 Nxd4 38. Rh3 Rf8+ 39. Ke1 Re8
40. Rh5 Nc2+ 41. Kd2 Nxa3 42. Nd3 Kb6 43. Rh7 Nc4+ 44. Kc3 Nd6 45. Rh4 Nb5+ 46.
Kd2 Nd6 47. Rf4 Nc4+ 48. Kc3 Re2 49. Rf2 Re3 50. h3 Nd6 51. Kd4 Re4+ 52. Kc3
Re3 53. Kc2 1/2-1/2

[Event "?"]
[Site "?"]
[Date "2011.06.04"]
[Round "7.22"]
[White "Schiller, Anna-Katharina"]
[Black "Rühl, Volker"]
[Result "0-1"]
[WhiteElo "1653"]
[BlackElo "1837"]
[PlyCount "106"]
[EventDate "2011.??.??"]

1. e4 c5 2. Nf3 a6 3. d4 cxd4 4. Nxd4 e5 5. Nf3 Nf6 6. Bg5 Qb6 7. Bxf6 gxf6 8.
b3 Bc5 9. Qd2 d6 10. Bc4 Be6 11. Bd3 Nd7 12. O-O h5 13. c3 a5 14. Qb2 Rg8 15.
Kh1 Nf8 16. Nh4 Ng6 17. Nxg6 fxg6 18. Nd2 O-O-O 19. Bc4 d5 20. exd5 Bxd5 21.
Bxd5 Rxd5 22. Nc4 Qd8 23. Rac1 Kb8 24. b4 axb4 25. cxb4 Bd4 26. Qb3 Rg7 27. a4
Rc7 28. g3 Ba7 29. a5 Rd3 30. Rc3 Qd5+ 31. Kg1 Rxc3 32. Qxc3 Rxc4 33. Qb2 Qd4
34. Qxd4 Bxd4 35. b5 Rb4 36. a6 Ra4 37. axb7 Kxb7 38. Rb1 Ra1 39. Rxa1 Bxa1 40.
Kg2 Kb6 41. f3 Kxb5 42. Kf2 Bd4+ 43. Ke2 Kc4 44. h3 Kd5 45. Kd3 f5 46. Ke2 e4
47. fxe4+ fxe4 48. Kd2 g5 49. Ke2 Ke5 50. Kf1 Kf5 51. Ke2 h4 52. gxh4 gxh4 53.
Kf1 Kf4 0-1

[Event "?"]
[Site "?"]
[Date "2011.06.04"]
[Round "7.23"]
[White "Reichardt, Bernd"]
[Black "Grüneschild, Hildegard"]
[Result "1-0"]
[WhiteElo "1803"]
[BlackElo "1645"]
[PlyCount "95"]
[EventDate "2011.??.??"]

1. e4 c5 2. Nf3 d6 3. d4 cxd4 4. Nxd4 Nf6 5. Nc3 a6 6. Be3 e6 7. Qd2 Be7 8.
O-O-O O-O 9. Be2 Nc6 10. g4 Nxd4 11. Qxd4 e5 12. Qd2 Bxg4 13. f3 Be6 14. h4 d5
15. exd5 Bf5 16. d6 Bxd6 17. Qxd6 Qe8 18. Bc5 Rc8 19. Qxf8+ Qxf8 20. Bxf8 Kxf8
21. Bd3 Be6 22. a4 h5 23. Rhe1 Rc5 24. Ne4 Ra5 25. Nxf6 gxf6 26. b3 b5 27. Re4
Bd5 28. Rb4 bxa4 29. Rxa4 Rc5 30. c4 Bxf3 31. Rf1 Bg4 32. Rxf6 a5 33. Kd2 Kg7
34. Ra6 f6 35. R4xa5 Rc7 36. Ra7 Rf7 37. Rxf7+ Kxf7 38. Be2 Kg6 39. Ra8 Kf5 40.
Ke3 Bxe2 41. Kxe2 Kg4 42. c5 f5 43. Rg8+ Kxh4 44. c6 f4 45. Kf3 Kh3 46. Ke4 h4
47. c7 Kh2 48. c8=Q 1-0

[Event "?"]
[Site "?"]
[Date "2011.06.04"]
[Round "7.24"]
[White "Schreiber, Winfried"]
[Black "Bried, Martin"]
[Result "0-1"]
[WhiteElo "1646"]
[BlackElo "1798"]
[PlyCount "60"]
[EventDate "2011.??.??"]

1. c4 Nf6 2. Nc3 b6 3. Nf3 Bb7 4. g3 e6 5. Bg2 Be7 6. O-O O-O 7. d3 c5 8. e4 d6
9. Re1 e5 10. a3 Nc6 11. Bg5 Nd7 12. Bxe7 Nxe7 13. Nd2 f5 14. f3 f4 15. b4 Ng6
16. Bh3 fxg3 17. hxg3 Qg5 18. Kh2 Nf6 19. Rg1 Bc8 20. Bf5 Bxf5 21. exf5 Qxf5
22. Nde4 Nxe4 23. Nxe4 Qxf3 24. Ra2 Qxd1 25. Rxd1 Rad8 26. Nc3 Ne7 27. Nb5 Rd7
28. bxc5 dxc5 29. a4 Rfd8 30. Ra3 a6 0-1

[Event "?"]
[Site "?"]
[Date "2011.06.04"]
[Round "7.25"]
[White "Kuhn, Magnus"]
[Black "Sibahn, Mirko"]
[Result "0-1"]
[WhiteElo "1579"]
[BlackElo "1779"]
[PlyCount "80"]
[EventDate "2011.??.??"]

1. e4 d5 2. exd5 Nf6 3. Nf3 Nxd5 4. Bc4 e6 5. d4 Nc6 6. O-O Bd6 7. Bd2 O-O 8.
Nc3 Be7 9. Re1 Bf6 10. Bxd5 exd5 11. Bf4 a6 12. Ne5 Bf5 13. Nxc6 bxc6 14. Na4
Rb8 15. b3 Bg5 16. Qd2 Bxf4 17. Qxf4 Bxc2 18. Rac1 Re8 19. Rxe8+ Qxe8 20. Qxc7
Rc8 21. Qf4 Qe2 22. Qe3 Re8 23. Qxe2 Rxe2 24. Nc3 Rd2 25. Kf1 Bf5 26. Na4 Bd3+
27. Ke1 Re2+ 28. Kd1 Bb5 29. Rc2 Rxc2 30. Kxc2 Bxa4 31. bxa4 a5 32. Kd3 Kf8 33.
h4 Ke7 34. g4 g6 35. f4 f5 36. h5 fxg4 37. hxg6 hxg6 38. Ke3 Kf6 39. Kf2 Kf5
40. Kg3 g5 0-1

[Event "?"]
[Site "?"]
[Date "2011.06.04"]
[Round "7.26"]
[White "Tansek, Branko"]
[Black "Keller, Marcel"]
[Result "1/2-1/2"]
[WhiteElo "1560"]
[BlackElo "1755"]
[PlyCount "30"]
[EventDate "2011.??.??"]

1. d4 g6 2. b3 Bg7 3. Bb2 Nf6 4. Nd2 O-O 5. Ngf3 d6 6. e3 b6 7. Bd3 Bb7 8. O-O
c5 9. Re1 Qc7 10. c4 e6 11. Qc2 Nc6 12. a3 Ne7 13. dxc5 dxc5 14. Rad1 Rad8 15.
Be5 Qc8 1/2-1/2

[Event "?"]
[Site "?"]
[Date "2011.06.04"]
[Round "7.27"]
[White "Wang, Julia"]
[Black "Pfeilsticker, Thorsten"]
[Result "1-0"]
[WhiteElo "1719"]
[BlackElo "1595"]
[PlyCount "59"]
[EventDate "2011.??.??"]

1. e4 a6 2. Bc4 e6 3. a4 b6 4. d4 Bb7 5. Bd3 Nf6 6. Nd2 c5 7. c3 Nc6 8. Ne2
cxd4 9. cxd4 Bb4 10. f3 d6 11. O-O e5 12. d5 Bc5+ 13. Kh1 Nb4 14. Bc4 O-O 15.
Nb3 Nd7 16. Ng3 Rc8 17. Nf5 Nb8 18. Nd2 g6 19. Nh6+ Kh8 20. Nb3 Rc7 21. Nxc5
bxc5 22. f4 f6 23. Bd2 a5 24. fxe5 fxe5 25. Rxf8+ Qxf8 26. Qg4 Bc8 27. Qh4 Ba6
28. Rf1 Qe8 29. Qf6+ Rg7 30. Qf8+ 1-0

[Event "?"]
[Site "?"]
[Date "2011.06.04"]
[Round "7.28"]
[White "Werner, Stefan"]
[Black "Rausch, Adrian"]
[Result "1/2-1/2"]
[WhiteElo "1707"]
[BlackElo "1469"]
[PlyCount "40"]
[EventDate "2011.??.??"]

1. e4 e6 2. d4 d5 3. Nc3 Nf6 4. e5 Nfd7 5. f4 c5 6. Nf3 Nc6 7. Be3 Qb6 8. Rb1
cxd4 9. Bxd4 Nxd4 10. Nxd4 Bc5 11. Na4 Qa5+ 12. c3 Bxd4 13. Qxd4 a6 14. Bd3 b5
15. Nc5 Qb6 16. Nb3 Qxd4 17. Nxd4 Nc5 18. Bc2 f5 19. O-O Bd7 20. Rbd1 Ke7
1/2-1/2

[Event "?"]
[Site "?"]
[Date "2011.06.04"]
[Round "7.29"]
[White "Hahn, Martin"]
[Black "Reichert, Ferdinand"]
[Result "1-0"]
[WhiteElo "1783"]
[BlackElo "1494"]
[PlyCount "95"]
[EventDate "2011.??.??"]

1. e4 g6 2. d4 Bg7 3. Nc3 d6 4. Nf3 Nf6 5. Be3 b6 6. Qd2 O-O 7. Bh6 Bb7 8. Bxg7
Kxg7 9. Bd3 Nbd7 10. O-O-O e6 11. h4 c5 12. e5 Bxf3 13. exf6+ Nxf6 14. gxf3
cxd4 15. Ne4 h5 16. Be2 e5 17. Nxf6 Qxf6 18. f4 Rh8 19. fxe5 dxe5 20. f4 exf4
21. Qxd4 Qxd4 22. Rxd4 Rae8 23. Bf3 Re3 24. Rxf4 f6 25. Bd5 Re5 26. c4 g5 27.
hxg5 fxg5 28. Rf7+ Kg6 29. Rxa7 g4 30. Rb7 h4 31. Rxb6+ Kg5 32. a4 h3 33. Rb3
Rhe8 34. Rbxh3 gxh3 35. Rxh3 Re1+ 36. Kc2 R8e2+ 37. Kc3 Rc1+ 38. Kb4 Rxb2+ 39.
Rb3 Ra2 40. Kb5 Rca1 41. Rb4 Kf6 42. c5 Ra3 43. c6 Ke7 44. c7 Kd7 45. Kb6 Rc3
46. Bc4 Rac1 47. Bb5+ Rc6+ 48. Kb7 1-0

[Event "?"]
[Site "?"]
[Date "2011.06.04"]
[Round "7.30"]
[White "Pelezki, Jurij"]
[Black "Fischer, Mark"]
[Result "1-0"]
[WhiteElo "1822"]
[BlackElo "1552"]
[PlyCount "120"]
[EventDate "2011.??.??"]

1. c4 Nf6 2. d4 c5 3. d5 b5 4. b3 g6 5. Bb2 Bg7 6. Nd2 d6 7. e4 O-O 8. Qc2 Nbd7
9. Ngf3 b4 10. Bd3 Qc7 11. O-O Ng4 12. Bxg7 Kxg7 13. h3 Nge5 14. Qb2 Kg8 15.
Bc2 Bb7 16. Nh4 f6 17. f4 Nf7 18. Qc1 Kh8 19. Qe1 Rg8 20. Qe3 Nf8 21. Kh1 Re8
22. Qf2 Bc8 23. g4 g5 24. Nf5 Bxf5 25. exf5 Nd7 26. h4 gxf4 27. Qxf4 Nde5 28.
Rg1 h6 29. Rg3 Rg7 30. Rag1 Reg8 31. Ne4 Qa5 32. Bb1 Qa3 33. R3g2 h5 34. g5 Rc8
35. g6 Nd8 36. Qh6+ Kg8 37. Qxh5 a5 38. Qe2 a4 39. h5 Kh8 40. Qe3 Nb7 41. h6
Rgg8 42. Nd2 Na5 43. Nf3 Naxc4 44. Qe2 axb3 45. Nxe5 Nxe5 46. axb3 Qxb3 47. Ba2
Qh3+ 48. Rh2 Qf3+ 49. Qg2 Qxf5 50. Bb1 Nd3 51. g7+ Kh7 52. Rf1 Qg6 53. Qe2 c4
54. Rh3 Rc5 55. Rxd3 f5 56. Rh3 Rxd5 57. Qxc4 e6 58. Qxd5 exd5 59. Bxf5 Qxf5
60. Rxf5 Rb8 1-0

[Event "?"]
[Site "?"]
[Date "2011.06.04"]
[Round "7.31"]
[White "Zeitler, Waldemar"]
[Black "Aleman, Tilman"]
[Result "0-1"]
[WhiteElo "1585"]
[BlackElo "1629"]
[PlyCount "98"]
[EventDate "2011.??.??"]

1. d4 e6 2. f4 d5 3. Nf3 Nf6 4. e3 c5 5. Nc3 Nc6 6. Be2 Be7 7. O-O O-O 8. Ne5
cxd4 9. exd4 Qb6 10. Nxc6 bxc6 11. Na4 Qc7 12. Nc5 Nd7 13. Nxd7 Bxd7 14. Bd3
Qb6 15. c3 c5 16. Qb3 Qxb3 17. axb3 cxd4 18. cxd4 Rfb8 19. Bc2 Bb5 20. Rf2 a6
21. Bd2 Rc8 22. Bc3 Rc6 23. Rf3 Rac8 24. Bd3 Rb8 25. Ba5 Bf6 26. Bc3 Bxd3 27.
Rxd3 Rxb3 28. Rf3 h6 29. h3 Rc4 30. Rd1 a5 31. Kh2 a4 32. Rdd3 a3 33. bxa3 Rxa3
34. Kg3 Raa4 35. f5 Bxd4 36. Bxd4 Rxd4 37. Rb3 e5 38. f6 Rf4 39. fxg7 Kxg7 40.
Rb5 Rxf3+ 41. gxf3 Rd4 42. Rb6 f6 43. Rb1 Kg6 44. Rb3 Kg5 45. Rb8 Rd3 46. Kf2
Kf4 47. Kg2 Rxf3 48. Rh8 Rg3+ 49. Kh2 Rg6 0-1

[Event "?"]
[Site "?"]
[Date "2011.06.04"]
[Round "7.32"]
[White "Samietz, Jannick"]
[Black "Mejerski, Stephan"]
[Result "1-0"]
[WhiteElo "1581"]
[BlackElo "1619"]
[PlyCount "71"]
[EventDate "2011.??.??"]

1. d4 f5 2. c4 c6 3. Bf4 Nf6 4. Nd2 e6 5. Ngf3 d5 6. e3 Bd6 7. Bxd6 Qxd6 8. c5
Qe7 9. h3 Nbd7 10. b4 O-O 11. Bd3 Ne4 12. O-O Qf6 13. Nh2 Nxd2 14. Qxd2 Qe7 15.
Nf3 e5 16. Ne1 e4 17. Be2 Nf6 18. Nc2 Qc7 19. a4 Bd7 20. b5 b6 21. cxb6 axb6
22. Nb4 Qd6 23. Rfc1 Rfc8 24. bxc6 Bxc6 25. Nxc6 Rxc6 26. Rxc6 Qxc6 27. Bb5 Qe6
28. Rc1 Rc8 29. Rc3 Ne8 30. Qc2 Rxc3 31. Qxc3 Kf7 32. Kf1 Ke7 33. Ke2 Qd6 34.
Bxe8 Kxe8 35. Qc8+ Qd8 36. Qxf5 1-0

[Event "?"]
[Site "?"]
[Date "2011.06.04"]
[Round "7.33"]
[White "Steinmassl, Guido"]
[Black "Schmidt, Armin"]
[Result "1-0"]
[WhiteElo "1615"]
[BlackElo "1578"]
[PlyCount "67"]
[EventDate "2011.??.??"]

1. d4 Nf6 2. c4 g6 3. Nf3 Bg7 4. Bf4 d6 5. Nc3 c6 6. Rc1 Qb6 7. Qd2 O-O 8. e4
Nh5 9. Be3 Nf6 10. h3 Nbd7 11. e5 Ne8 12. Ne4 Qc7 13. exd6 exd6 14. Bf4 Ndf6
15. Nc3 Qd7 16. Bd3 Nc7 17. O-O Ne6 18. Bh6 b6 19. Bxg7 Kxg7 20. d5 cxd5 21.
cxd5 Nc7 22. Rfe1 Bb7 23. Qf4 Ncxd5 24. Nxd5 Bxd5 25. Nh4 Rae8 26. Nf5+ gxf5
27. Qg5+ Kh8 28. Qxf6+ Kg8 29. Bxf5 Qd8 30. Qh6 Rxe1+ 31. Rxe1 Qh4 32. Qxh4 Kg7
33. Qg5+ Kh8 34. Qh6 1-0

[Event "?"]
[Site "?"]
[Date "2011.06.04"]
[Round "7.34"]
[White "Weis, Olga"]
[Black "Wurm, Frank"]
[Result "1/2-1/2"]
[WhiteElo "1541"]
[BlackElo "1614"]
[PlyCount "64"]
[EventDate "2011.??.??"]

1. e4 Nc6 2. d4 e6 3. Nf3 d5 4. Nc3 a6 5. Be2 Nge7 6. Be3 Ng6 7. a3 Be7 8. O-O
h5 9. h3 h4 10. Qd2 Nf8 11. e5 Ng6 12. Rad1 Bd7 13. Bd3 Nf8 14. Ne2 b5 15. b4
Rg8 16. Bg5 Bxg5 17. Nxg5 Qe7 18. Qf4 Rh8 19. Qg4 O-O-O 20. Nf3 f5 21. exf6
Qxf6 22. Nf4 e5 23. dxe5 Bxg4 24. exf6 Bxf3 25. fxg7 Rg8 26. gxf8=Q Rdxf8 27.
Ng6 Ne5 28. Ne7+ Kb7 29. Nxg8 Rxg8 30. Rde1 Rxg2+ 31. Kh1 Rg5+ 32. Kh2 Rg2+
1/2-1/2

[Event "?"]
[Site "?"]
[Date "2011.06.04"]
[Round "7.35"]
[White "Hartmann, Christian"]
[Black "Schmidt, Tobias"]
[Result "0-1"]
[WhiteElo "1500"]
[BlackElo "1580"]
[PlyCount "62"]
[EventDate "2011.??.??"]

1. e4 e6 2. d4 d5 3. Nd2 c5 4. exd5 Qxd5 5. dxc5 Bxc5 6. c4 Qc6 7. Ngf3 Nd7 8.
Be2 Ngf6 9. a3 a6 10. Qc2 b6 11. Nb3 Bd6 12. Nfd2 Bb7 13. Bf3 Qc7 14. O-O Bxh2+
15. Kh1 Bd6 16. Nd4 O-O 17. Be2 Rac8 18. b4 Rfd8 19. Bb2 Ne5 20. f3 Ng6 21.
Rac1 Nf4 22. Ne4 Bxe4 23. fxe4 Be5 24. Nf3 Bxb2 25. Qxb2 Nxe4 26. Rfe1 Nxe2 27.
Rxe2 Ng3+ 28. Kg1 Nxe2+ 29. Qxe2 Qd6 30. Qe4 Qd3 31. Qb7 Qe3+ 0-1

[Event "?"]
[Site "?"]
[Date "2011.06.04"]
[Round "7.36"]
[White "Gorb, Eugeniusz"]
[Black "Divkovic, Mario"]
[Result "0-1"]
[WhiteElo "1592"]
[BlackElo "1378"]
[PlyCount "85"]
[EventDate "2011.??.??"]

1. e4 b6 2. d4 Bb7 3. Nc3 e6 4. Bd3 Bb4 5. Bd2 Bxc3 6. Bxc3 Nf6 7. Qf3 d6 8.
Ne2 Nbd7 9. Ng3 Qe7 10. a4 h6 11. a5 a6 12. O-O b5 13. Qe2 c5 14. e5 dxe5 15.
dxe5 Nd5 16. Bd2 c4 17. Be4 Nc5 18. Bb4 Qc7 19. Bd2 Qxe5 20. Bc3 Qg5 21. Bxd5
Qxd5 22. f3 Qg5 23. Bb4 h5 24. Rad1 h4 25. Bxc5 Qxc5+ 26. Kh1 hxg3 27. h3 Rd8
28. Rxd8+ Kxd8 29. Qd2+ Ke7 30. Qf4 Qd6 31. Qg5+ Kf8 32. Qe3 Rh5 33. Qb6 Qxb6
34. axb6 Rc5 35. Re1 Rc6 36. Re5 f6 37. Re3 Rd6 38. Re1 Rxb6 39. Kg1 Rd6 40.
Kf1 Rd2 41. Rc1 Ke7 42. b3 Bd5 43. Ke1 0-1

[Event "?"]
[Site "?"]
[Date "2011.06.04"]
[Round "7.37"]
[White "Sazonovs, Sergejs"]
[Black "Sigmund, Wolfgang"]
[Result "1-0"]
[WhiteElo "1480"]
[BlackElo "1586"]
[PlyCount "27"]
[EventDate "2011.??.??"]

1. e4 e5 2. Nf3 Nc6 3. g3 Bc5 4. Bg2 Nf6 5. d3 d6 6. O-O Bg4 7. Nbd2 O-O 8. c3
Qd7 9. a4 a5 10. Nc4 d5 11. exd5 Nxd5 12. Nfxe5 Nf6 13. Nxd7 Bxd1 14. Nxf6+ 1-0

[Event "?"]
[Site "?"]
[Date "2011.06.04"]
[Round "7.39"]
[White "Bay, Johannes"]
[Black "Giugno, Carmelo"]
[Result "0-1"]
[WhiteElo "1650"]
[BlackElo "1517"]
[PlyCount "78"]
[EventDate "2011.??.??"]

1. e4 e6 2. d4 d5 3. exd5 exd5 4. c3 c5 5. Nf3 Bg4 6. dxc5 Bxc5 7. Qa4+ Bd7 8.
Qb3 Bc6 9. Be2 Ne7 10. O-O O-O 11. Bg5 f6 12. Bf4 Qd7 13. Qc2 Qf5 14. Qd2 Ng6
15. Bd3 Qxf4 16. Bxg6 Qxd2 17. Bxh7+ Kxh7 18. Nbxd2 Re8 19. Nb3 Bb6 20. Nfd4
Bxd4 21. Nxd4 Nd7 22. b4 Ne5 23. Rfd1 Ba4 24. Rd2 Rad8 25. f4 Nc6 26. Ne2 Bb5
27. Ng3 Re3 28. a4 Bc4 29. Rc1 g6 30. b5 Na5 31. Rf2 Nb3 32. Rcc2 Re1+ 33. Nf1
Nc1 34. g3 Nd3 35. Rf3 Nc5 36. Kg2 Rde8 37. b6 a6 38. a5 Bd3 39. Rxd3 Nxd3 0-1

[Event "?"]
[Site "?"]
[Date "2011.06.04"]
[Round "7.40"]
[White "Tsybulevsky, Jury"]
[Black "Wunder, Anton"]
[Result "1-0"]
[WhiteElo "1674"]
[BlackElo "1423"]
[PlyCount "44"]
[EventDate "2011.??.??"]

1. d4 Nf6 2. c4 g6 3. Nc3 Bg7 4. e4 d6 5. Bd3 Nc6 6. Nge2 Bd7 7. a3 O-O 8. O-O
e6 9. f3 Qe7 10. Bg5 a6 11. Qc2 b6 12. f4 Qe8 13. Rae1 Ng4 14. Rf3 Bxd4+ 15.
Kh1 Nf2+ 16. Rxf2 Bxf2 17. Rf1 Bd4 18. Nxd4 Nxd4 19. Qf2 Nc6 20. Bf6 h6 21. Qh4
Kh7 22. Rf3 Rg8 1-0

[Event "?"]
[Site "?"]
[Date "2011.06.04"]
[Round "7.41"]
[White "Lin, Jean-Claude"]
[Black "Trobonjaca, Milos"]
[Result "0-1"]
[WhiteElo "1348"]
[BlackElo "1647"]
[PlyCount "108"]
[EventDate "2011.??.??"]

1. e4 d5 2. exd5 Qxd5 3. Nc3 Qd8 4. Nf3 Nf6 5. d4 g6 6. Be3 Bg7 7. Qd2 O-O 8.
Bd3 Bg4 9. h3 Bxf3 10. gxf3 c6 11. Ke2 Nbd7 12. Rag1 a5 13. h4 h5 14. Bh6 Qe8
15. Bxg7 Kxg7 16. Ne4 b6 17. Kd1 Rb8 18. f4 Nxe4 19. Bxe4 f5 20. Bxc6 Rf6 21.
Bb5 Qd8 22. Kc1 Nf8 23. Rg3 Qd5 24. Re1 Qxb5 25. Rxe7+ Kh6 26. Rg1 Re6 27. Rxe6
Nxe6 28. d5 Nc5 29. Qd4 Nd7 30. Re1 Qc5 31. Qd2 Rd8 32. f3 Nf6 33. Re6 Nxd5 34.
Qg2 Rg8 35. Kb1 a4 36. a3 Kh7 37. Re5 Qd6 38. Qd2 Rd8 39. Qd4 Nf6 40. Qxa4 Rd7
41. Qb3 Re7 42. Qb5 Nd7 43. Rd5 Qe6 44. Ka2 Nf6 45. c4 Nxd5 46. cxd5 Qd6 47. a4
Rd7 48. b3 Qxd5 49. Qxb6 Qd2+ 50. Ka3 Qd6+ 51. Qb4 Qd4 52. Qb8 Qa1+ 53. Kb4
Rd4+ 54. Kc5 Qc3+ 0-1

[Event "?"]
[Site "?"]
[Date "2011.06.04"]
[Round "7.44"]
[White "Mayer, Dietmar"]
[Black "Stoll, Katja"]
[Result "1-0"]
[WhiteElo "1785"]
[BlackElo "1564"]
[PlyCount "105"]
[EventDate "2011.??.??"]

1. d4 d5 2. Nf3 Nf6 3. Bf4 Bf5 4. e3 Nbd7 5. c4 c6 6. Nc3 e6 7. Qb3 Qb6 8. c5
Qxb3 9. axb3 Be7 10. b4 O-O 11. b5 Rfc8 12. h3 h6 13. bxc6 Rxc6 14. Bb5 Rcc8
15. O-O a6 16. Be2 Ne4 17. Nxe4 Bxe4 18. b4 Nf6 19. Ne5 Bd8 20. b5 axb5 21.
Bxb5 Be7 22. Rfc1 Bf8 23. Bd3 Bxd3 24. Nxd3 Rd8 25. Rcb1 Rxa1 26. Rxa1 Kh7 27.
Ne5 g5 28. Bh2 Re8 29. Nxf7 Re7 30. Nd8 Bg7 31. Rb1 Ng8 32. Rxb7 Rxb7 33. Nxb7
Kg6 34. c6 Ne7 35. c7 Kf5 36. Nd6+ Kg6 37. c8=Q Nxc8 38. Nxc8 Kf5 39. Nd6+ Kg6
40. Ne8 Bf8 41. Bd6 Bxd6 42. Nxd6 Kf6 43. e4 Ke7 44. e5 Kf8 45. g4 Kg7 46. Kg2
Kg6 47. Kg3 h5 48. gxh5+ Kxh5 49. f4 Kg6 50. fxg5 Kxg5 51. h4+ Kg6 52. Kg4 Kg7
53. Kg5 1-0

[Event "?"]
[Site "?"]
[Date "2011.06.04"]
[Round "7.45"]
[White "Körber, Christian"]
[Black "Balija, Cerim"]
[Result "1/2-1/2"]
[WhiteElo "1728"]
[BlackElo "1532"]
[PlyCount "55"]
[EventDate "2011.??.??"]

1. Nf3 Nf6 2. d4 e6 3. e3 c6 4. Bd3 Be7 5. b3 O-O 6. O-O d5 7. Bb2 h6 8. Ne5
Nbd7 9. Nd2 c5 10. f4 Nxe5 11. fxe5 Nd7 12. Qg4 Bg5 13. Rf3 b6 14. Rg3 g6 15.
Bxg6 fxg6 16. h4 Bxe3+ 17. Rxe3 Qe8 18. Rg3 Kh7 19. Ba3 Rf5 20. c3 cxd4 21.
cxd4 Ba6 22. Rc1 Rc8 23. Rxc8 Bxc8 24. Rc3 Rf7 25. Rc7 Nf8 26. Rxf7+ Qxf7 27.
Qf3 Qxf3 28. Nxf3 1/2-1/2

[Event "?"]
[Site "?"]
[Date "2011.06.04"]
[Round "7.46"]
[White "Maisch, Johannes"]
[Black "Awiszus, Thomas"]
[Result "0-1"]
[WhiteElo "1306"]
[BlackElo "1613"]
[PlyCount "50"]
[EventDate "2011.??.??"]

1. e4 e6 2. d4 d5 3. exd5 exd5 4. Nf3 Bg4 5. Bf4 Bd6 6. Bxd6 Qxd6 7. Nbd2 Nf6
8. Bd3 Nc6 9. c3 O-O 10. O-O Rfe8 11. Qc2 Re7 12. h3 Bd7 13. Nb3 Rae8 14. Nc5
Bc8 15. Nh4 g6 16. b4 b6 17. Nb3 Ne4 18. f3 Ng3 19. Rfd1 Qf4 20. Nxg6 fxg6 21.
Bxg6 hxg6 22. Qxg6+ Kf8 23. Qxc6 Bxh3 24. gxh3 Re2 25. Rd3 Nh5 0-1